A textbook of optics / (Record no. 133213)

MARC details
000 -LEADER
fixed length control field 00696nam a22002417a 4500
005 - DATE AND TIME OF LATEST TRANSACTION
control field 20170124110205.0
010 ## - LIBRARY OF CONGRESS CONTROL NUMBER
LC control number B-162164
020 ## - INTERNATIONAL STANDARD BOOK NUMBER
International Standard Book Number 8121926114
Terms of availability 00.00
035 ## - SYSTEM CONTROL NUMBER
System control number B-162164
037 ## - SOURCE OF ACQUISITION
Source of stock number/acquisition Cen Lib/Ret
040 ## - CATALOGING SOURCE
Original cataloging agency DPL
Language of cataloging EN
082 ## - DEWEY DECIMAL CLASSIFICATION NUMBER
Classification number 535
Item number SUB
100 ## - MAIN ENTRY--PERSONAL NAME
Personal name Subrahmanyam, N
9 (RLIN) 37198
245 ## - TITLE STATEMENT
Title A textbook of optics /
Statement of responsibility, etc by N. Subrahmanyam [and] Brij Lal
260 ## - PUBLICATION, DISTRIBUTION, ETC. (IMPRINT)
Place of publication, distribution, etc New Delhi
Name of publisher, distributor, etc Sultan Chand & Company
Date of publication, distribution, etc 2004
270 ## - ADDRESS
Address ram nagar
City New Delhi
Postal code 110055
300 ## - PHYSICAL DESCRIPTION
Extent xx, 668p.:
Dimensions 21cm(Hb)
Other physical details ill.
500 ## - GENERAL NOTE
General note Includes appendix
650 ## - SUBJECT ADDED ENTRY--TOPICAL TERM
Topical term or geographic name as entry element Physics
9 (RLIN) 112213
650 ## - SUBJECT ADDED ENTRY--TOPICAL TERM
Topical term or geographic name as entry element Opticals
9 (RLIN) 37200
700 ## - ADDED ENTRY--PERSONAL NAME
Personal name Brij Lal
9 (RLIN) 37201
942 ## - ADDED ENTRY ELEMENTS (KOHA)
Source of classification or shelving scheme Dewey Decimal Classification
Koha item type English Books
Classification part 535
Call number suffix SUB
Holdings
Withdrawn status Lost status Damaged status Not for loan Home library Current library Date acquired Source of acquisition Cost, normal purchase price Total Checkouts Full call number Barcode Date last seen Copy number Cost, replacement price Price effective from Koha item type
        Central Library Central Library 25/07/2015 Cen Lib/Ret 0.00   535 SUB B-162164 25/07/2015 1 0.00 15/09/2016 English Books

© Delhi Public Library
Hit Counter
free hit counter